| 000 | 02417cam a2200301 4500500 | ||
|---|---|---|---|
| 005 | 20251228053005.0 | ||
| 041 | _afre | ||
| 042 | _adc | ||
| 100 | 1 | 0 |
_aHilgers, Mathieu _eauthor |
| 245 | 0 | 0 | _aDu quartier au secteur, l'évolution des limites urbaines au Burkina Faso |
| 260 | _c2005. | ||
| 500 | _a25 | ||
| 520 | _aRésuméLors de la révolution au Burkina Faso, le nouveau leader Sankara imposa un nouveau découpage urbain pour rompre l’assise du pouvoir coutumier et faciliter l’avènement d’une nouvelle société. La gestion de l’espace est conçue comme une ressource au service de la révolution. À travers l’analyse du passage du quartier au secteur, dans une perspective diachronique, nous proposons une évaluation anthropologique d’un enjeu clef de cette politique spatiale et de ses conséquences aujourd’hui. | ||
| 520 | _aAfter the revolution in Burkina Faso, the new leader, Sankara, imposed a new urban configuration aiming at dismantling the influence of traditional leaders and at speeding the emergence of a new society. Urban planning is conceived as a resource for the revolution. In a diachronic perspective, the paper analyses the transformation of “neighbourhoods” into “sectors”, offering an anthropological evaluation of a major stake of this spatial policy and of its current consequences. | ||
| 520 | _aResumenDurante la revolución en Burkina Faso, el poder sankarista impuso un nuevo ordenamiento urbano con objeto de romper la influencia del poder consuetudinario tribal y para facilitar el advenimiento de una nueva sociedad. La gestión del espacio se concibe como un instrumento al servicio de la revolución. A través de un análisis de la transformación del barrio en sector, proponemos dentro de una perspectiva diacrónica, una evaluación antropológica de una de las apuestas mas importantes de esta política spacial y de sus actuales consecuencias. | ||
| 690 | _aBurkina Faso | ||
| 690 | _acontrôle de l'espace | ||
| 690 | _aforme urbaine | ||
| 690 | _arévolution | ||
| 690 | _aurbanisation | ||
| 690 | _aBurkina Faso | ||
| 690 | _arevolution | ||
| 690 | _aspace control | ||
| 690 | _aurban form | ||
| 690 | _aurbanisation | ||
| 786 | 0 | _nEspaces et sociétés | 122 | 3 | 2005-12-01 | p. 67-85 | 0014-0481 | |
| 856 | 4 | 1 | _uhttps://shs.cairn.info/revue-espaces-et-societes-2005-3-page-67?lang=fr&redirect-ssocas=7080 |
| 999 |
_c1584914 _d1584914 |
||